Statistics for Counting In Hebrew

Click here to take the quiz!

General Stats

  • This quiz has been taken 5 times
  • The average score is 6 of 10

Answer Stats

EnglishNumeralHebrew% Correct
One1אחד
100%
Two2שתיים
80%
Four4ארבע
60%
Seven7שבע
60%
Eight8שמונה
60%
Zero0אֶפֶס
40%
Three3שְׁלוֹשָׁה
40%
Five5חָמֵשׁ
40%
Six6שִׁשָׁה
40%
Nine9תֵשַׁע
40%

Score Distribution

Percentile by Number Answered

Percent of People with Each Score

Your Score History

You have not taken this quiz